00967 2200349 4500001002100000005001500021035002000036008004100056020001500097041000700112082001000119090001600129100002200145700001500167245008300182250001100265260003800276300003500314084001600349650002000365520007100385990001600456990001600472990001600488990001600504990001600520990001600536990001600552990001600568990001600584990001700600INLIS00000000000011720211116101818 a0010-0321000117211116 e | ind  a9794898082 aid a636.3 a636.3 MUL b0 aMulyono,Subangkit0 aSarwono, B1 aBeternak domba prolifik :bUpaya menghasilkan anak kembar /cSubangkit Mulyono aCet. 1 aJakarta :bPenebar Swadaya,c2004 avii, 88 hal. :bill ;c20,5 cm a636.3 MUL b 4aSeri agribisnis aDomba merupakan ternak kecil yang tidak asing lagi bagi masyarakat a61.1/9/2014 a61.2/9/2014 a61.3/9/2014 a61.4/9/2014 a61.5/9/2014 a61.6/9/2014 a61.7/9/2014 a61.8/9/2014 a61.9/9/2014 a61.10/9/2014